Avengers by picture - Statistics

General Stats
  • This quiz has been taken 128 times
    111 since last reset
  • The average score is 23 of 32
Answer Stats
Picture Answer % Correct
Spiderman/ Peter Parker
98%
Thor
98%
Captain america/ Steve Rogers
97%
Ironman/ Tony stark
97%
Black Panther
94%
Loki
94%
Bruce Banner/ Hulk
92%
antman/ Scott lang
89%
Black Widow/ Natasha Romanoff
88%
Thanos
88%
Hawkeye
83%
Captain Marvel/ Carol Danvers
78%
James Rhodes/ war machine
77%
MJ
77%
Starlord
75%
Dr Strange
73%
vision
73%
Nick Fury
72%
Pepper Potts
72%
Happy
69%
Gamora
67%
Drax
66%
wanda maximoff/ scarlett witch
65%
bucky barnes
58%
Nebula
58%
Shuri
58%
Jane
57%
rocket
54%
Ancient one
49%
valkyrie
48%
peggy carter
41%
Christine
23%
No matching quizzes found
Score Distribution
Percent of People with Each Score
Percentile by Number Answered
Your Score History
You have not taken this quiz since the last reset